Casas de la memoria : Estancias autobiográficas

Spremljeno u:
Bibliografski detalji
Glavni autor: Dobles Izaguirre, Julieta
Format: Knjiga
Jezik:Undetermined
Izdano: San José, Costa Rica Editorial Universidad de Costa Rica 2007
Teme:
Oznake: Dodaj oznaku
Bez oznaka, Budi prvi tko označuje ovaj zapis!

MARC

LEADER 00000nam a2200000Ia 4500
008 170316s9999 xx 000 0 und d
040 |a cru BVZT 
090 |a 868 D-13ca 
100 |a Dobles Izaguirre, Julieta 
245 |a Casas de la memoria : Estancias autobiográficas 
260 |a San José, Costa Rica 
260 |b Editorial Universidad de Costa Rica 
260 |c 2007 
300 |a 99 páginas 
650 |a LITERATURA COSTARRICENSE 
650 |a POESÍA 
999 |c 10909  |d 10909 
942 |c 15 D  |h 868 D-13ca  |2 z